Zpracování dat : systém řízení. 1. díl /

Uložené v:
Podrobná bibliografia
Hlavní autori: Adamec, Stanislav, 1938- (Author), Toužimský, Antonín (Author)
Médium: Kniha
Jazyk:Czech
Vydané: Praha : Dům techniky ČSVTS, 1981.
Vydanie:1. vyd.
ISBN: (brož.)
Fyzický popis: 152 s.
Tagy: Pridať tag
Žiadne tagy, Buďte prvý kto otaguje tento záznam!

MARC

LEADER 00000nam a22000001 4500
001 000180921
005 20100730144342.0
008 961110s1981 xr cze d
015 |a cnb000402393 
020 |a (brož.) 
040 |a SVKKK  |b slo  |c SVKKK  |e AACR2 
041 0 |a cze 
044 |a xr  |c CZ 
100 1 |a Adamec, Stanislav,  |d 1938-  |4 aut 
245 1 0 |a Zpracování dat :  |b systém řízení.  |n 1. díl /  |c Stanislav Adamec, Antonín Toužimský. 
250 |a 1. vyd. 
260 |a Praha :  |b Dům techniky ČSVTS,  |c 1981. 
300 |a 152 s. 
366 |e 250 výt. 
700 1 |a Toužimský, Antonín  |4 aut 
910 |a svkkk 
998 |a BK 
090 |g SCKHL  |k Sklad Pribinova 3. posch.  |a V.124345  |j 632292  |i 2720959870  |s Povinný výt.